00826nam a2200205Ia 4500003000900000008004100009040001600050080002200066110003800088245017600126250001200302260004800314300000800362650003400370650002700404650003300431942000700464999001700471952013200488IN-BaIIA211028s9999 xx 000 0 eng d cIIA Library a69.01:624bIND-21 aBureau of Indian Standards920631 0aIndian standard: method of measurement of building and civil engineering worksbpt. 21, wood work and joinerycBureau of Indian Standards  a3rd ed. aNew DelhibBureau of Indian Standardsc1987 a9p. acivil engineering work933820 aIndian standard933821 aWood work and joinery933822 cBK c17814d17814 00104070aBANbBANcGENd2010-10-07g1780.30l0o69.01:624/ IND-21p18736r2021-11-05v1780.30w2010-10-07yBKGRs. 1780.30